[Event "TCh-BEL 2016-17"]
[Site "masterchessopen.com Belgium BEL"]
[Date "2017.02.12"]
[Round "7.4"]
[White "Van der Lende,I"]
[Black "Houriez,C"]
[Result "1-0"]
[WhiteElo "2347"]
[BlackElo "2342"]

1.e4 c5 2.c3 d5 3.exd5 Qxd5 4.Nf3 Nf6 5.Na3 e6 6.Bc4 Qd8 7.O-O Nc6 8.Re1 a6
9.Bf1 Be7 10.Nc4 O-O 11.a4 b6 12.d3 Nd5 13.Qb3 Qc7 14.Bg5 Bxg5 15.Nxg5 Rb8
16.Rac1 Rd8 17.g3 h6 18.Nf3 Nde7 19.Nce5 Nxe5 20.Nxe5 Nc6 21.Nxc6 Qxc6 22.Bg2
Qc7 23.d4 cxd4 24.cxd4 Qd6 25.Rc6 Qxd4 26.a5 Qd2 27.Ra1 b5 28.Rb6 Rxb6 29.axb6
Rd7 30.Bc6 Re7 31.Rd1 Qa5 32.Rd8+ Kh7 33.Rxc8 Qxb6 34.Be4+ f5 35.Bf3 {#r} 1-0

[Event "TCh-BEL 2016-17"]
[Site "masterchessopen.com Belgium BEL"]
[Date "2017.02.12"]
[Round "7.5"]
[White "Wantiez,F"]
[Black "Van der Auweraert,Elwin"]
[Result "1-0"]
[WhiteElo "2339"]
[BlackElo "2267"]

1.e4 c5 2.Nf3 d6 3.d4 cxd4 4.Nxd4 Nf6 5.Nc3 a6 6.h3 e6 7.g4 d5 8.Bg2 Bb4 9.Bd2
Nc6 10.Nxc6 bxc6 11.O-O a5 12.g5 Nd7 13.exd5 cxd5 14.Nxd5 Bxd2 15.Qxd2 exd5
16.Bxd5 Ra6 17.Rfe1+ Kf8 18.Qf4 Nf6 19.Bc4 Rd6 20.gxf6 Rxf6 21.Qe5 Bxh3
22.Rad1 Rg6+ 23.Kh2 Bd7 24.Re4 Rc6 25.Rd6 f5 26.Qxf5+ Bxf5 27.Rxd8# 1-0

[Event "TCh-BEL 2016-17"]
[Site "masterchessopen.com Belgium BEL"]
[Date "2017.02.12"]
[Round "7.7"]
[White "Fontaine,Quentin"]
[Black "Grochal,J"]
[Result "1-0"]
[WhiteElo "2269"]
[BlackElo "2201"]

1.e4 c5 2.Nf3 e6 3.g3 Nc6 4.Bg2 b5 5.d4 cxd4 6.Nxd4 Nxd4 7.Qxd4 Bb7 8.O-O Ne7
9.Qd3 b4 10.Nd2 Nc6 11.Nc4 Bc5 12.Be3 Bxe3 13.Nd6+ Ke7 14.fxe3 Ne5 15.Qd4 Qb6
16.Nxb7 d6 17.Rad1 Qxd4 18.Rxd4 Rhc8 19.Rf2 Rc6 20.Rxb4 Rb8 21.Rb3 Rb6 22.Na5
Rxb3 23.cxb3 Rc8 24.Nc4 Nxc4 25.bxc4 Rxc4 26.Rd2 Kf6 27.Rxd6 Rc1+ 28.Kf2 Rc2+
29.Kf3 g5 30.h3 h5 31.g4 hxg4+ 32.hxg4 Rxb2 33.Ra6 Rb7 34.Ra5 Rc7 35.Bf1 {#r}
1-0

[Event "TCh-BEL 2016-17"]
[Site "masterchessopen.com Belgium BEL"]
[Date "2017.02.12"]
[Round "7.8"]
[White "Van Vliet,D"]
[Black "Herman,J"]
[Result "0-1"]
[WhiteElo "2082"]
[BlackElo "2253"]

1.d4 d5 2.c4 c6 3.Nc3 Nf6 4.e3 Bf5 5.Nf3 e6 6.Nh4 Be4 7.f3 Bg6 8.Nxg6 hxg6
9.Qc2 Bd6 10.f4 Nh5 11.Qf2 f5 12.a3 Nd7 13.h3 Be7 14.Ne2 Ndf6 15.Nc3 Ne4
16.Nxe4 dxe4 17.h4 Nf6 18.Be2 c5 19.dxc5 Bxc5 20.b4 Be7 21.Bb2 a5 22.c5 Nd5
23.h5 Bf6 24.Rh3 axb4 25.a4 Kf8 26.Be5 Bxe5 27.fxe5 Qc7 28.hxg6 Rg8 29.g4 Qxe5
30.Rd1 Ke7 31.Qh4+ Nf6 32.Bb5 Qc3+ 33.Kf1 Rad8 34.Qe1 Rxd1 35.Qxd1 Rd8 36.Qe1
Qc2 37.Be2 Qc3 38.Qg3 Qxc5 39.g5 Ne8 40.Kf2 b3 41.Rh1 b2 42.Re1 Qc2 43.Qe5
b1=Q {#R} 0-1

[Event "TCh-BEL 2016-17"]
[Site "masterchessopen.com Belgium BEL"]
[Date "2017.02.12"]
[Round "7.3"]
[White "Rotstein,A"]
[Black "Dambacher,M"]
[Result "1-0"]
[WhiteElo "2501"]
[BlackElo "2480"]

1.Nf3 f5 2.g3 Nf6 3.Bg2 e6 4.O-O d5 5.d3 c6 6.Bf4 Bd6 7.Bxd6 Qxd6 8.Nbd2 O-O
9.Re1 Rd8 10.c3 e5 11.e4 fxe4 12.dxe4 dxe4 13.Ng5 Qxd2 14.Qb3+ Nd5 15.h4 Rf8
16.Bxe4 Qxf2+ 17.Kh1 Qxg3 18.Bxd5+ Kh8 19.Qb4 Rf4 20.Nf7+ Rxf7 21.Bxf7 Qf3+
22.Kg1 Qg3+ 23.Kh1 Qf3+ 24.Kg1 Qxf7 25.Rxe5 Nd7 26.Rd1 h6 27.Qe4 Nf8 28.Rf1
Qg6+ 29.Qxg6 Nxg6 30.Re8+ Kh7 31.h5 {#r} 1-0

[Event "TCh-BEL 2016-17"]
[Site "masterchessopen.com Belgium BEL"]
[Date "2017.02.12"]
[Round "7.4"]
[White "Dann,M"]
[Black "Popovic,Pe"]
[Result "1-0"]
[WhiteElo "2486"]
[BlackElo "2454"]

1.e4 c5 2.Nf3 d6 3.d4 cxd4 4.Nxd4 Nf6 5.Nc3 Nc6 6.Bg5 Qb6 7.Nb3 e6 8.Bf4 Ne5
9.Be3 Qc7 10.f4 Ng6 11.Bb5+ Bd7 12.Bxd7+ Qxd7 13.Qe2 Rc8 14.O-O-O Rxc3 15.bxc3
Nxe4 16.Bd4 d5 17.Kb2 Nxf4 18.Qf3 Bd6 19.Bxg7 Rg8 20.Bd4 Qc7 21.g3 Ng6 22.Rhe1
a5 23.Nd2 Nxd2 24.Rxd2 Ne5 25.Bxe5 Bxe5 26.Rd3 Rg5 27.Qe3 Bf6 28.Rf1 Ke7 29.h4
Rg6 30.Qf2 h5 31.Rf3 Qe5 32.Qc5+ Ke8 33.Qc8+ Ke7 34.Qc5+ Ke8 35.Re3 Qb8
36.Qxd5 Qc7 37.Qb5+ Kf8 38.Ref3 Kg7 39.Rxf6 Rxf6 40.Rxf6 {#r} 1-0

[Event "TCh-BEL 2016-17"]
[Site "masterchessopen.com Belgium BEL"]
[Date "2017.02.12"]
[Round "7.6"]
[White "Stark,L"]
[Black "Boidman,Y"]
[Result "1-0"]
[WhiteElo "2374"]
[BlackElo "2319"]

1.c4 c6 2.g3 d5 3.Nf3 Nf6 4.Bg2 Bf5 5.cxd5 cxd5 6.Qb3 Nc6 7.O-O Qb6 8.Qxb6
axb6 9.Nc3 e5 10.d3 Be7 11.Bg5 Be6 12.Nb5 Rc8 13.Rfc1 O-O 14.a3 Rfd8 15.d4 h6
16.Bxf6 gxf6 17.e3 Bg4 18.b4 e4 19.Nh4 Be6 20.Bf1 Bd6 21.Nxd6 Rxd6 22.Ng2 Rdd8
23.Nf4 Kf8 24.Bb5 Ke7 25.Ne2 Na7 26.Ba4 Rxc1+ 27.Rxc1 Rc8 28.Rxc8 Nxc8 29.Nc3
Kd8 30.Bb3 Ne7 31.Kf1 Kc7 32.Bd1 Nf5 33.Ke1 Ne7 34.Kd2 Bd7 35.Bh5 Be8 36.Kc2
Kd6 37.Kb3 Nf5 38.Be2 Ne7 39.Bh5 Nf5 40.Kc2 Ne7 41.Kd2 f5 42.Ke1 Ng8 43.Bd1
Nf6 44.Kf1 Bd7 45.Kg2 Ne8 46.Be2 Nc7 47.Bh5 Ke7 48.Be2 Kd6 49.Kf1 Ke6 50.Ke1
Kd6 51.b5 Ne8 52.Kd2 Nf6 53.Kc2 Be6 54.Kb3 Kc7 55.Kb4 Kd6 56.a4 Kc7 57.a5
bxa5+ 58.Kxa5 b6+ 59.Ka6 Nd7 60.Nd1 f6 61.Bh5 Nb8+ 62.Ka7 Nd7 63.Be8 f4
64.gxf4 Bg4 65.Bf7 Be2 66.Nc3 Bd3 67.Be8 {#r} 1-0

[Event "TCh-BEL 2016-17"]
[Site "masterchessopen.com Belgium BEL"]
[Date "2017.02.12"]
[Round "7.8"]
[White "Hammes,M"]
[Black "Gengler,P"]
[Result "1-0"]
[WhiteElo "2323"]
[BlackElo "2241"]

1.d4 g6 2.c4 Bg7 3.Nf3 c5 4.d5 b5 5.e4 bxc4 6.Bxc4 Ba6 7.Nbd2 Bxc4 8.Nxc4 d6
9.e5 dxe5 10.Nfxe5 Nf6 11.Qa4+ Nbd7 12.d6 exd6 13.Nxd6+ Kf8 14.Nexf7 Qe7+
15.Be3 Rb8 16.O-O Rb4 17.Qxa7 Ne4 18.Nxe4 Rxe4 19.Nxh8 Be5 20.g3 Kg7 21.Rad1
Bd6 22.Rfe1 h5 23.Bd2 h4 24.Rxe4 Qxe4 25.Qxd7+ {#r} 1-0

[Event "4NCL 2016-17"]
[Site "masterchessopen.com Reading ENG"]
[Date "2017.02.12"]
[Round "6.12"]
[White "Fodor,T jr"]
[Black "Merry,Alan B"]
[Result "0-1"]
[WhiteElo "2493"]
[BlackElo "2395"]

1.d4 Nf6 2.c4 g6 3.Nc3 Bg7 4.Nf3 O-O 5.g3 d6 6.Bg2 Nc6 7.O-O a6 8.e4 Bg4 9.Be3
e5 10.d5 Ne7 11.Qc2 Ne8 12.Nd2 Bd7 13.c5 f5 14.f3 f4 15.Bf2 g5 16.Qb3 Rb8
17.Rac1 Rf7 18.a4 Ng6 19.cxd6 Nxd6 20.Rc2 h5 21.Rfc1 Bh6 22.Ne2 g4 23.Rf1 Qe8
24.Rxc7 fxg3 25.Nxg3 Bxd2 26.Qb6 Nf4 27.Qxd6 h4 28.Nf5 Bxf5 29.Rxf7 Kxf7
30.Bxh4 Bg6 31.Bf6 Be3+ 32.Kh1 gxf3 33.Bxf3 Bd4 34.Rc1 Kg8 35.Qc7 Qf8 36.d6
Ne6 37.Qe7 Re8 38.Rc8 Qxe7 {#R} 0-1

[Event "4NCL 2016-17"]
[Site "masterchessopen.com Reading ENG"]
[Date "2017.02.12"]
[Round "6.13"]
[White "D'Costa,L"]
[Black "Hamitevici,V"]
[Result "0-1"]
[WhiteElo "2391"]
[BlackElo "2484"]

1.Nf3 b6 2.d4 Bb7 3.e3 Nf6 4.Bd3 c5 5.O-O g6 6.c4 Bg7 7.Nc3 cxd4 8.exd4 d5
9.Re1 O-O 10.Bg5 dxc4 11.Bxc4 Nc6 12.a3 Rc8 13.Ba2 h6 14.Bh4 g5 15.Bg3 e6
16.Nb5 Ba8 17.Qd3 a6 18.Nd6 Rc7 19.d5 Nxd5 20.Bxd5 exd5 21.Nf5 Ra7 22.Rac1 d4
23.h4 g4 24.Nh2 Qd5 25.f3 h5 26.Rc2 Ne5 27.Bxe5 Bxe5 28.fxg4 f6 29.gxh5 Kh8
30.Ng4 Rg8 31.Nfh6 Rag7 32.Qh3 d3 33.Rd2 Qd4+ 34.Ne3 Rg3 35.Nf7+ Kg7 36.Qe6
Rxe3 37.h6+ Kf8 {#R} 0-1

[Event "4NCL 2016-17"]
[Site "masterchessopen.com Reading ENG"]
[Date "2017.02.12"]
[Round "6.14"]
[White "Williams,Si1"]
[Black "Sowray,P"]
[Result "1-0"]
[WhiteElo "2444"]
[BlackElo "2310"]

1.d4 g6 2.e4 d6 3.Nc3 Bg7 4.f4 a6 5.Nf3 b5 6.Bd3 Nd7 7.a4 b4 8.Ne2 a5 9.O-O
Ngf6 10.e5 Nd5 11.Ng5 h6 12.Ne6 fxe6 13.Bxg6+ Kf8 14.Ng3 Kg8 15.Qh5 Rh7
16.Bxh7+ Kxh7 17.f5 Nf8 18.Qf7 Nd7 19.Bxh6 Qg8 20.Qg6+ Kh8 21.fxe6 Nf8
22.Bxg7+ Qxg7 23.Rxf8+ Qxf8 24.Rf1 {#r} 1-0

[Event "4NCL 2016-17"]
[Site "masterchessopen.com Reading ENG"]
[Date "2017.02.12"]
[Round "6.16"]
[White "Kirk,Ez"]
[Black "Franklin,S"]
[Result "1-0"]
[WhiteElo "2345"]
[BlackElo "2302"]

1.e4 e5 2.Nf3 Nc6 3.Nc3 Nf6 4.Bb5 Bb4 5.d3 d6 6.O-O Bxc3 7.bxc3 O-O 8.Bg5 Qe7
9.Re1 a6 10.Ba4 Nd8 11.Bh4 Ne6 12.Nd2 g5 13.Bg3 Nf4 14.Nf1 N6h5 15.Ne3 Ng7
16.d4 c6 17.Bb3 h5 18.f3 h4 19.Bf2 Be6 20.a4 Rad8 21.Qd2 Bc8 22.Rad1 Qf6
23.Bc4 Ngh5 24.Bf1 Ng6 25.a5 Nhf4 26.Rb1 Kg7 27.Nf5+ Bxf5 28.exf5 Qxf5 29.Rxb7
h3 30.g3 Ng2 31.Bxg2 hxg2 32.Be3 Rb8 33.Rb6 Rxb6 34.axb6 Rb8 35.dxe5 Nxe5
36.Bd4 f6 37.Bxe5 dxe5 38.Qd6 Rh8 39.b7 Qh3 40.Kf2 g1=Q+ 41.Rxg1 Qf5 42.Ke3
Qxc2 43.Qd7+ Kg6 44.Qd3+ Qxd3+ 45.Kxd3 Kf5 46.Kc4 Rb8 47.Rb1 g4 48.fxg4+ Kxg4
49.Kc5 {#r} 1-0

[Event "4NCL 2016-17"]
[Site "masterchessopen.com Reading ENG"]
[Date "2017.02.12"]
[Round "6.22"]
[White "Suarez Real,A"]
[Black "Ledger,A"]
[Result "1-0"]
[WhiteElo "2416"]
[BlackElo "2377"]

1.e4 c6 2.d4 d5 3.Nc3 dxe4 4.Nxe4 Bf5 5.Ng3 Bg6 6.h4 h6 7.Nf3 Nd7 8.h5 Bh7
9.Bd3 Bxd3 10.Qxd3 e6 11.Bd2 Ngf6 12.O-O-O Be7 13.Kb1 O-O 14.Ne4 Nxe4 15.Qxe4
Nf6 16.Qe2 Qd5 17.Be3 Rad8 18.Ne5 Nd7 19.Bd2 Nxe5 20.dxe5 Qc5 21.f4 Qb6 22.g4
Ba3 23.Bc1 Rxd1 24.Rxd1 Bc5 25.g5 hxg5 26.fxg5 Rd8 27.Rf1 Rd7 28.g6 Qc7 29.h6
fxg6 30.Qg4 Kh7 31.hxg7 Qxe5 32.Qxg6+ Kxg6 33.g8=Q+ Qg7 34.Qxe6+ {#r} 1-0

[Event "4NCL 2016-17"]
[Site "masterchessopen.com Reading ENG"]
[Date "2017.02.12"]
[Round "6.27"]
[White "Eames,R"]
[Black "Wall,G"]
[Result "0-1"]
[WhiteElo "2201"]
[BlackElo "2349"]

1.e4 e5 2.f4 Nc6 3.Nf3 f5 4.d4 fxe4 5.Nxe5 Nf6 6.Be2 d6 7.Bh5+ g6 8.Nxg6 hxg6
9.Bxg6+ Kd7 10.d5 Ne7 11.Bf7 c6 12.c4 Qb6 13.Nc3 Rxh2 14.Rf1 Rxg2 15.b4 Qxb4
16.Bd2 e3 {#R} 0-1

[Event "4NCL 2016-17"]
[Site "masterchessopen.com Reading ENG"]
[Date "2017.02.12"]
[Round "6.28"]
[White "Ciuksyte,D"]
[Black "Atkins,R"]
[Result "1-0"]
[WhiteElo "2318"]
[BlackElo "2093"]

1.e4 e6 2.d4 d5 3.Nd2 Nf6 4.e5 Nfd7 5.Bd3 c5 6.c3 Nc6 7.Ne2 cxd4 8.cxd4 f6
9.exf6 Nxf6 10.Nf3 Bd6 11.O-O Qc7 12.Bg5 O-O 13.Rc1 Bd7 14.Re1 Be8 15.Ng3 h6
16.Bd2 Qd7 17.Ne5 Qe7 18.Bb1 Bxe5 19.dxe5 Nd7 20.f4 g6 21.Qg4 Kh7 22.Qh3 Rh8
23.f5 gxf5 24.Bxh6 Kg8 25.Nxf5 exf5 26.Bxf5 Rxh6 27.Qxh6 Qg7 28.Be6+ {#r} 1-0

[Event "4NCL 2016-17"]
[Site "masterchessopen.com Reading ENG"]
[Date "2017.02.12"]
[Round "6.31"]
[White "Toma,K"]
[Black "Bauer,Ch"]
[Result "0-1"]
[WhiteElo "2312"]
[BlackElo "2632"]

1.e4 c5 2.Nf3 d6 3.d4 cxd4 4.Nxd4 Nf6 5.Nc3 a6 6.Be2 Nbd7 7.Be3 e6 8.a4 b6
9.O-O Bb7 10.f3 Be7 11.Qd2 O-O 12.Rfd1 Qc7 13.Bf1 Rac8 14.Qf2 Qb8 15.Qg3 Kh8
16.Qh3 Rg8 17.g4 g5 18.Qg3 Ne5 19.Rd2 d5 20.exd5 Rxc3 21.bxc3 Nxd5 22.Qf2 Bc5
23.Rd3 Nxd3 24.Bxd3 Nxe3 {#R} 0-1

[Event "4NCL 2016-17"]
[Site "masterchessopen.com Reading ENG"]
[Date "2017.02.12"]
[Round "6.32"]
[White "Gordon,S"]
[Black "Cooper,J"]
[Result "1-0"]
[WhiteElo "2506"]
[BlackElo "2278"]

1.Nf3 c5 2.c4 Nc6 3.d4 cxd4 4.Nxd4 e5 5.Nb5 d6 6.g3 Be6 7.b3 d5 8.cxd5 Bb4+
9.N1c3 Nd4 10.Bd2 Bxc3 11.Nxc3 Bxd5 12.e4 Bc6 13.Bg2 Nf6 14.O-O O-O 15.Rc1 h6
16.Be3 Re8 17.f3 Re6 18.Rf2 Rd6 19.Rd2 Qd7 20.Qe1 Nb5 21.Rcd1 Rxd2 22.Rxd2 Qe8
23.Nxb5 Bxb5 24.Qd1 a5 25.Rd6 Nh7 26.a4 Bc6 27.Bf1 Nf8 28.Bc4 Rc8 29.Qd3 Qe7
30.Bb6 Nd7 31.Bxa5 Nc5 32.Qd2 Kh7 33.Bb4 b6 34.a5 Qa7 35.Bxc5 bxc5 36.a6 Qc7
37.Kg2 f5 38.Be6 fxe4 39.Bf5+ {#r} 1-0

[Event "4NCL 2016-17"]
[Site "masterchessopen.com Reading ENG"]
[Date "2017.02.12"]
[Round "6.33"]
[White "Blackburn,Joathan Lb"]
[Black "Abbas,Daniel"]
[Result "1-0"]
[WhiteElo "2193"]
[BlackElo "2270"]

1.d4 Nf6 2.c4 c5 3.d5 e6 4.Nc3 exd5 5.cxd5 d6 6.e4 g6 7.f4 Bg7 8.Bb5+ Nfd7
9.a4 Qh4+ 10.g3 Qe7 11.Nf3 O-O 12.O-O Na6 13.Re1 Nb4 14.Ra3 a6 15.Bf1 Re8
16.h3 b6 17.Be3 Bb7 18.Bf2 Nf6 19.g4 h6 20.Rb3 Qd7 21.Nd2 Rab8 22.Nc4 Ba8
23.Bg3 b5 24.axb5 axb5 25.Na3 Nxe4 26.Rxe4 Rxe4 27.Nxe4 Bxd5 28.Rxb4 cxb4
29.Qxd5 bxa3 30.bxa3 Qa7+ 31.Bf2 Qxa3 32.f5 gxf5 33.Nxd6 fxg4 34.hxg4 Qb4
35.Qxf7+ Kh8 36.Qg6 Qf4 37.Bd3 Qc1+ 38.Kg2 Qc6+ 39.Be4 {#r} 1-0

[Event "4NCL 2016-17"]
[Site "masterchessopen.com Reading ENG"]
[Date "2017.02.12"]
[Round "6.36"]
[White "Longson,A"]
[Black "Morris,Ch"]
[Result "1-0"]
[WhiteElo "2317"]
[BlackElo "2132"]

1.e4 e6 2.d4 d5 3.Nd2 c5 4.c3 Nc6 5.Ngf3 cxd4 6.cxd4 Bb4 7.e5 Qb6 8.a3 Be7
9.Bd3 Bd7 10.O-O Nh6 11.Nb3 Nf5 12.Bxf5 exf5 13.Bg5 Bxg5 14.Nxg5 h6 15.e6 fxe6
16.Qh5+ Ke7 17.Qf7+ Kd6 18.Nc5 Be8 19.Nxb7+ Qxb7 20.Qxb7 Bh5 21.Nxe6 {#r} 1-0

[Event "4NCL 2016-17"]
[Site "masterchessopen.com Reading ENG"]
[Date "2017.02.12"]
[Round "6.41"]
[White "Tukpetov,Evgeny"]
[Black "Hoffmann,Hen"]
[Result "0-1"]
[WhiteElo "2269"]
[BlackElo "2327"]

1.e4 e5 2.Nf3 Nc6 3.c3 d5 4.Qa4 Nf6 5.Nxe5 Bd6 6.d4 Bxe5 7.dxe5 Nxe4 8.Bb5 Bd7
9.Qd1 Qe7 10.Qxd5 Nxe5 11.Bxd7+ Nxd7 12.O-O O-O-O 13.Nd2 Nxd2 14.Bxd2 Ne5
15.Qe4 Rxd2 16.Rae1 f6 17.Qe3 Qd6 {#R} 0-1

[Event "4NCL 2016-17"]
[Site "masterchessopen.com Reading ENG"]
[Date "2017.02.12"]
[Round "6.42"]
[White "Schoene,Mar"]
[Black "McMichael,R"]
[Result "0-1"]
[WhiteElo "2287"]
[BlackElo "2226"]

1.e4 e6 2.d4 d5 3.Nc3 Nc6 4.Nf3 Nf6 5.Bg5 Be7 6.e5 Ne4 7.Bxe7 Qxe7 8.Bd3 Ng5
9.O-O Nxf3+ 10.Qxf3 Bd7 11.Ne2 O-O-O 12.Qg3 f6 13.f4 h5 14.h4 Rhg8 15.c3 Rdf8
16.Rae1 Nd8 17.f5 fxe5 18.Qxe5 Qxh4 19.Nf4 Nc6 20.Qe3 exf5 21.Ng6 Qf6 22.Nxf8
Rxf8 23.Bb5 f4 24.Qf2 Bg4 25.Bxc6 bxc6 26.Re5 Kb7 27.c4 dxc4 28.Qd2 f3 29.Rf2
Qd6 30.Ra5 fxg2 31.d5 Rxf2 32.Qxf2 a6 33.dxc6+ Qxc6 34.Rc5 Qe4 35.Qxg2 Bf3
36.Qf2 Qg4+ 37.Kf1 Be4 38.Ke1 Bc6 39.Re5 h4 40.Qc5 Qg3+ 41.Kd2 Qf4+ 42.Kc2 h3
43.Qb4+ Ka8 44.Qa5 Be4+ 45.Kc3 Qe3+ 46.Kxc4 Qd3+ 47.Kc5 Qd6+ 48.Kc4 h2 {#R}
0-1

[Event "4NCL 2016-17"]
[Site "masterchessopen.com Reading ENG"]
[Date "2017.02.12"]
[Round "6.43"]
[White "Okike,D"]
[Black "Maciol,R"]
[Result "1-0"]
[WhiteElo "2198"]
[BlackElo "2118"]

1.e4 e6 2.d4 d5 3.Nc3 Bb4 4.e5 c5 5.a3 Bxc3+ 6.bxc3 Qc7 7.Qg4 f5 8.Qg3 cxd4
9.cxd4 Ne7 10.c3 O-O 11.Bd2 Nbc6 12.Bd3 Na5 13.Ne2 Nc4 14.Bc1 Bd7 15.a4 Bc6
16.O-O Qd7 17.Nf4 Kf7 18.Bc2 Rh8 19.h4 Rag8 20.Rd1 Ke8 21.Nd3 b6 22.Bg5 h6
23.Bxe7 Qxe7 24.Qg6+ Kd7 25.Nf4 Re8 26.Nxe6 Qxh4 27.Bxf5 Rxe6 28.Qxg7+ {#r}
1-0

[Event "4NCL 2016-17"]
[Site "masterchessopen.com Reading ENG"]
[Date "2017.02.12"]
[Round "6.44"]
[White "Mitra,Roman C"]
[Black "Guthrie,D"]
[Result "0-1"]
[WhiteElo "2090"]
[BlackElo "2192"]

1.e4 c5 2.Ne2 d6 3.g3 Nc6 4.Bg2 Nf6 5.O-O g6 6.c3 Bg7 7.d4 O-O 8.h3 Nd7 9.d5
Na5 10.Na3 a6 11.Rb1 b5 12.b4 Nb7 13.Be3 Nb6 14.Qd2 Bd7 15.f4 Qc8 16.g4 a5
17.bxc5 Nxc5 18.Bd4 f6 19.Rfe1 Qa6 20.Ng3 b4 21.Bf1 Qc8 22.Nc2 bxc3 23.Bxc3
Nba4 24.Bxa5 Nd3 25.Bxd3 Qc5+ 26.Ne3 Rxa5 27.Rec1 Qa7 28.Kg2 Nc5 29.Bc4 Ra3
30.Nc2 Rxg3+ 31.Kh2 Nxe4 32.Qe2 f5 33.Rf1 Rc3 34.Rb4 Rc8 35.Bd3 Qc5 36.Rb7
Rxc2 37.Bxc2 Qxc2 38.Re1 Qxe2+ 39.Rxe2 Nc5 {#R} 0-1

[Event "4NCL 2016-17"]
[Site "masterchessopen.com Reading ENG"]
[Date "2017.02.12"]
[Round "6.45"]
[White "Sun Xinyue"]
[Black "Pedersen,Ca"]
[Result "1-0"]
[WhiteElo "2080"]
[BlackElo "2142"]

1.d4 Nf6 2.c4 e6 3.Nf3 Bb4+ 4.Bd2 Bxd2+ 5.Qxd2 O-O 6.Nc3 d6 7.g3 Nc6 8.Rd1 d5
9.Ne5 Qe7 10.Bg2 Nxe5 11.dxe5 Nd7 12.cxd5 Nxe5 13.Qd4 Ng6 14.h4 Rd8 15.h5 e5
16.Qc4 Nf8 17.h6 Bf5 18.hxg7 Kxg7 19.Qh4 Qxh4 20.Rxh4 a6 21.Rc4 Rac8 22.Be4
Bg6 23.Bxg6 hxg6 24.Ne4 b6 25.Rc6 f5 26.Ng5 Rd6 27.Rc4 e4 28.g4 Kf6 29.f4 exf3
30.Nxf3 c5 31.e4 fxe4 32.Rxe4 Rc7 33.Kf2 Re7 34.g5+ Kf7 35.Ke3 Nd7 36.Rh1
Rxe4+ 37.Kxe4 Kg7 38.Ne5 b5 39.Nxd7 Rxd7 40.Ke5 Kf7 41.d6 c4 42.Rf1+ Ke8
43.Ke6 a5 44.Rh1 {#r} 1-0

[Event "4NCL 2016-17"]
[Site "masterchessopen.com Reading ENG"]
[Date "2017.02.12"]
[Round "6.51"]
[White "Pardo Simon,D"]
[Black "Sadler,M"]
[Result "0-1"]
[WhiteElo "2478"]
[BlackElo "2670"]

1.d4 Nf6 2.c4 e6 3.Nc3 Bb4 4.e3 O-O 5.a3 Bxc3+ 6.bxc3 c5 7.Bd3 Nc6 8.Ne2 b6
9.e4 Ne8 10.Be3 Ba6 11.Ng3 Na5 12.Qe2 Rc8 13.d5 Qh4 14.O-O Nd6 15.f4 f5 16.Bf2
Qg4 17.Qc2 Bxc4 18.e5 Ne4 19.Bxc4 Nxc4 20.Qd3 Ncd2 21.Rfd1 Qxf4 22.Ne2 Qxe5
23.dxe6 dxe6 24.Rxd2 Nxd2 25.Qxd2 Rcd8 26.Qc2 f4 27.Re1 f3 28.Ng3 Qd5 29.gxf3
Rxf3 30.Ne4 Rd3 31.c4 Qf5 32.Qa4 Rd1 33.Qc6 Qg4+ 34.Kf1 h6 35.a4 Qh3+ 36.Kg1
Rxe1+ 37.Bxe1 Qe3+ 38.Bf2 Qc1+ 39.Kg2 Qxc4 40.Bh4 Qd5 {#R} 0-1

[Event "WCh Women 2017"]
[Site "masterchessopen.com Tehran IRI"]
[Date "2017.02.13"]
[Round "1.1"]
[White "Mezioud,A"]
[Black "Muzychuk,A"]
[Result "0-1"]
[WhiteElo "2055"]
[BlackElo "2558"]

1.e4 c6 2.d3 d5 3.Nd2 g6 4.Ngf3 Bg7 5.g3 e5 6.Bg2 Nd7 7.O-O Ngf6 8.Re1 O-O
9.Nf1 Re8 10.Nh4 a5 11.Be3 b6 12.c3 Bb7 13.h3 c5 14.Qc2 Nf8 15.Rad1 Ne6 16.f3
Nh5 17.exd5 Bxd5 18.c4 Bb7 19.f4 exf4 20.Bxb7 fxe3 21.Nxe3 Ra7 22.Qg2 Nxg3
23.Qxg3 Rxb7 24.Nhf5 gxf5 25.Nxf5 Qf6 26.Nd6 Rbe7 27.Nxe8 Rxe8 28.Rd2 Qg6
29.Qxg6 hxg6 30.Kh2 Bd4 31.Rde2 Kg7 32.Kg3 Rh8 33.Rf1 Rh5 {#R} 0-1

[Event "WCh Women 2017"]
[Site "masterchessopen.com Tehran IRI"]
[Date "2017.02.13"]
[Round "1.1"]
[White "Dzagnidze,N"]
[Black "Mona,K"]
[Result "0-1"]
[WhiteElo "2525"]
[BlackElo "2150"]

1.Nf3 d5 2.c4 d4 3.g3 Nc6 4.Bg2 e5 5.d3 Bb4+ 6.Bd2 a5 7.O-O Nf6 8.Na3 O-O
9.Nb5 Re8 10.Bg5 Be7 11.e3 h6 12.Bxf6 Bxf6 13.exd4 exd4 14.Nd2 Ne5 15.Qc2 c6
16.Na3 Bg4 17.Rae1 Qd7 18.f4 Ng6 19.c5 Bh3 20.Nac4 Bxg2 21.Kxg2 Rxe1 22.Rxe1
Qd5+ 23.Ne4 Bd8 24.Qb3 b5 25.Nd2 Qd7 26.a4 Bc7 27.axb5 cxb5 28.Qd1 Re8 29.Kf1
Ne7 30.Nf3 Nf5 31.Kf2 Ne3 32.Qc1 Qh3 33.Rxe3 dxe3+ 34.Qxe3 Qd7 35.f5 Rd8 36.d4
Qxf5 37.Nd2 Kf8 38.Qc3 Re8 39.Qb3 g5 40.Qxb5 g4 41.Qc6 Bb8 42.Qxh6+ Ke7
43.Qg5+ Qxg5 44.Nxg5 f5 45.Nc4 Kf6 46.h4 Rd8 47.Nxa5 Rxd4 48.Nc6 Rd2+ 49.Ke3
Rxb2 50.Nxb8 Rxb8 51.Kd4 Rd8+ 52.Kc4 Ke7 53.c6 Rd1 54.c7 Rc1+ 55.Kd5 Rxc7
56.Ke5 Rc5+ 57.Kf4 Kf6 58.Nh7+ Kg7 59.Ng5 Kg6 60.Ne6 Rc4+ 61.Ke5 Re4+ 62.Kd5
Kf6 63.Nf8 Re7 64.h5 f4 {#R} 0-1

[Event "WCh Women 2017"]
[Site "masterchessopen.com Tehran IRI"]
[Date "2017.02.13"]
[Round "1.1"]
[White "Ni,V"]
[Black "Gunina,V"]
[Result "0-1"]
[WhiteElo "2199"]
[BlackElo "2524"]

1.c4 Nf6 2.Nc3 c5 3.Nf3 e6 4.e4 d6 5.d4 cxd4 6.Nxd4 Be7 7.Be2 O-O 8.O-O a6
9.Be3 Qc7 10.Qd2 b6 11.Rfc1 Bb7 12.f3 Nbd7 13.b4 Rac8 14.Rab1 Rfe8 15.Qe1 Qb8
16.Qf2 Bf8 17.Na4 Ba8 18.Nb3 d5 19.e5 Qxe5 20.c5 b5 21.Nb2 Qb8 22.Na5 e5 23.c6
d4 24.Bg5 Bxc6 25.Rxc6 Bxb4 26.Rxa6 Nc5 27.Nc6 Qd6 28.Nxb4 Nxa6 29.Nxa6 Nd5
30.Bxb5 Nc3 31.Qf1 Nxb5 32.Qxb5 Qg6 33.Re1 Qxg5 34.Nd3 h6 35.Nc7 Red8 36.Rxe5
Qd2 37.Re7 Rb8 38.Qe5 Qxd3 39.h4 Qe3+ 40.Qxe3 dxe3 41.Rxe3 Rd2 42.Re4 f5
43.Re7 Rb7 44.Kh2 Kf8 45.Re8+ Kf7 46.Rc8 f4 47.Kh3 h5 48.Na6 Rb1 49.Rc7+ Kg8
50.Kh2 Rbb2 51.Rc8+ Kh7 52.Rc5 Rxg2+ 53.Kh1 Rh2+ 54.Kg1 Rbg2+ 55.Kf1 Rxa2
56.Rxh5+ Kg8 {#R} 0-1

[Event "WCh Women 2017"]
[Site "masterchessopen.com Tehran IRI"]
[Date "2017.02.13"]
[Round "1.1"]
[White "Stefanova,A"]
[Black "Marrero Lopez,Yan"]
[Result "1-0"]
[WhiteElo "2512"]
[BlackElo "2255"]

1.Nf3 e6 2.c4 f5 3.g3 Nf6 4.Bg2 d5 5.O-O c6 6.Qc2 Bd6 7.d3 O-O 8.Nc3 Bc7 9.e3
b6 10.b4 a5 11.b5 c5 12.d4 Ne4 13.dxc5 bxc5 14.Rd1 Bb7 15.Ba3 Nxc3 16.Qxc3 Nd7
17.cxd5 Bxd5 18.Bxc5 Nxc5 19.Qxc5 Bb6 20.Qc3 Rc8 21.Qb2 Qe7 22.Ne5 Bxg2
23.Kxg2 Qb7+ 24.Kg1 Qe4 25.Nc6 Rc7 26.Qe5 Qxe5 27.Nxe5 Rb7 28.a4 Bc7 29.Nc6 g5
30.Rd7 Rf7 31.Rad1 Bb6 32.Ne5 Rfxd7 33.Rxd7 Rb8 34.Rd6 Bc5 35.Rxe6 Rd8 36.Rc6
Rd1+ 37.Kg2 Be7 38.b6 Rb1 39.Nc4 f4 40.gxf4 gxf4 41.exf4 {#r} 1-0

[Event "WCh Women 2017"]
[Site "masterchessopen.com Tehran IRI"]
[Date "2017.02.13"]
[Round "1.1"]
[White "Martinez,Ay"]
[Black "Zhao Xue"]
[Result "0-1"]
[WhiteElo "2234"]
[BlackElo "2505"]

1.e4 e6 2.d4 d5 3.Nc3 dxe4 4.Nxe4 Nd7 5.Nf3 Ngf6 6.Bd3 c5 7.Bg5 Qa5+ 8.Ned2
cxd4 9.O-O Nc5 10.b4 Qxb4 11.Rb1 Qa5 12.Bb5+ Bd7 13.Bxd7+ Nfxd7 14.Nc4 Qa6
15.Qxd4 f6 16.Bf4 O-O-O 17.Bd6 e5 18.Qd5 Qc6 19.Qxc6+ bxc6 20.Rb4 Bxd6
21.Nxd6+ Kc7 22.Nf7 Rb8 23.Rg4 Rhg8 24.Rd1 Nb7 25.Nh4 Rbf8 26.Nf5 Rxf7 27.Nh6
f5 28.Rg5 Rgf8 29.Nxf7 Rxf7 30.Rg3 Nb6 31.Ra3 a5 32.Rb1 a4 33.Rh3 h6 34.Rh4 e4
35.f3 Nd6 36.Kf2 Nd5 37.g3 Rf6 38.Rh5 Nc4 39.Re1 Ne5 40.fxe4 fxe4+ 41.Kg2 Ng4
{#R} 0-1